The quantum theory of fields. (Record no. 29748)
[ view plain ]
| 000 -LEADER | |
|---|---|
| fixed length control field | 00592 a2200169 4500 |
| 020 ## - INTERNATIONAL STANDARD BOOK NUMBER | |
| International Standard Book Number | 0521670551 |
| 020 ## - INTERNATIONAL STANDARD BOOK NUMBER | |
| International Standard Book Number | 9780521670555 |
| 082 ## - DEWEY DECIMAL CLASSIFICATION NUMBER | |
| Classification number | 530.143 |
| 090 ## - LOCALLY ASSIGNED LC-TYPE CALL NUMBER (OCLC); LOCAL CALL NUMBER (RLIN) | |
| -- | 1134 |
| -- | 1134 |
| 100 1# - MAIN ENTRY--PERSONAL NAME | |
| Personal name | Weinberg, Steven. |
| 245 14 - TITLE STATEMENT | |
| Title | The quantum theory of fields. |
| Number of part/section of a work | Volume 3 : |
| Remainder of title | supersymmetry / |
| Statement of responsibility, etc. | Steven Weinberg. |
| 260 ## - PUBLICATION, DISTRIBUTION, ETC. | |
| Place of publication, distribution, etc. | [S.l.] : |
| Name of publisher, distributor, etc. | Cambridge University Press, |
| Date of publication, distribution, etc. | 2005. |
| 300 ## - PHYSICAL DESCRIPTION | |
| Extent | 442 p. ; |
| Dimensions | 26 cm. |
| 700 ## - ADDED ENTRY--PERSONAL NAME | |
| Personal name | Weinberg, Steven. |
| 942 ## - ADDED ENTRY ELEMENTS (KOHA) | |
| Institution code [OBSOLETE] | SNS |
| Koha item type | Book |
| Call number prefix | 530.143 WEI |
| Withdrawn status | Lost status | Damaged status | Not for loan | Permanent Location | Current Location | Date acquired | Total Checkouts | Full call number | Barcode | Date last seen | Price effective from | Koha item type |
|---|---|---|---|---|---|---|---|---|---|---|---|---|
| School of Natural Sciences (SNS) | School of Natural Sciences (SNS) | 05/26/2016 | 530.143 WEI | SNS0001643 | 06/30/2021 | 05/26/2016 | Book |
